[Event "Oberliga Bayern 0102"]
[Site "Bayern"]
[Date "2002.04.28"]
[Round "9.7"]
[White "Link, Ulrich"]
[Black "Ratushni, Marc"]
[Result "0-1"]
[WhiteElo "2110"]
[BlackElo "2065"]
[PlyCount "102"]
[EventDate "2001.10.07"]
[EventType "team"]
[EventRounds "9"]
[EventCountry "GER"]
[SourceTitle "EXT 2003"]
[Source "ChessBase"]
[SourceDate "2002.11.25"]
[SourceVersion "1"]
[SourceVersionDate "2002.11.25"]
[SourceQuality "1"]
[WhiteTeam "Krumbach"]
[BlackTeam "Muenchen Sendling"]
[WhiteTeamCountry "GER"]
[BlackTeamCountry "GER"]

1. d4 Nf6 2. Nf3 d5 3. c4 c6 4. e3 a6 5. Qc2 Bg4 6. Ne5 Bh5 7. Qb3 Qc7 8. Nd2 e6 9. Bd3 Bg6 10. Nxg6 hxg6 11. h3 Nbd7 12. Nf3 Be7 13. Bd2 0-0 14. Rc1 Rfe8 15. 0-0 Rac8 16. Rc2 Qb8 17. Rfc1 Bd6 18. cxd5 exd5 19. Bb4 Bc7 20. Ng5 Nh7 21. Nxh7 Kxh7 22. e4 a5 23. Ba3 a4 24. Qxa4 dxe4 25. Bf1 Bf4 26. Re1 e3 27. Kh1 exf2 28. Rxe8 Rxe8 29. Rxf2 Nf6 30. Qb3 Nd5 31. Qf3 Re3 32. Qd1 Qe8 33. Re2 Qe4 34. Rxe3 Nxe3 35. Qd3 Nxf1 36. Qxf1 Qxd4 37. Bc5 Qd2 38. Bg1 f6 39. Qc4 g5 40. Qe4+ Kh6 41. b3 Qxa2 42. h4 Qxb3 43. h5 Qf7 44. g4 Qd5 45. Qxd5 cxd5 46. Kg2 g6 47. hxg6 Kxg6 48. Kf3 f5 49. Bd4 fxg4+ 50. Kxg4 b5 51. Bc3 Be3 0-1